|
|
|
|
| LEADER |
00000cam a2200000 7i4500 |
| 001 |
0000005232 |
| 002 |
000005654 |
| 005 |
20140104.0 |
| 020 |
|
|
|a 0863183409
|
| 090 |
0 |
0 |
|a 001
|b EYE
|
| 100 |
1 |
|
|a Parker, Steve
|
| 245 |
1 |
0 |
|a Mammal
|c written by Steve Parker
|
| 260 |
|
|
|a London :
|b Dorling Kindersley ,
|c 1989
|
| 300 |
|
|
|a 63p. :
|b illust ;
|c 28cm.
|
| 490 |
0 |
|
|a Eyewitness guides
|
| 650 |
0 |
0 |
|a Mammals
|
| 710 |
1 |
|
|a The Natural History Museum
|
| 999 |
|
|
|a 015511
|b BUKU
|c JUNIOR BOOKS
|e PERPUSTAKAAN KOMUNITI PETALING JAYA
|
| 999 |
|
|
|a 033619
|b BUKU
|c JUNIOR BOOKS
|e PERPUSTAKAAN KOMUNITI PETALING JAYA
|
| 999 |
|
|
|a 133166
|b BUKU
|c RUJUKAN
|e PERPUSTAKAAN KOMUNITI PETALING JAYA
|